| 000 | 01174cam a22002891 4500 | ||
|---|---|---|---|
| 001 | 1220311 | ||
| 003 | BD-DhUL | ||
| 005 | 20161102184332.0 | ||
| 008 | 730703s1951 ilua b 000 0 eng | ||
| 010 | _a 51009884 | ||
| 040 |
_aDLC _cDLC _dDLC _dBD-DhUL |
||
| 050 | 0 | 0 |
_aZ674 _b.C4 15th |
| 082 | 0 | 0 |
_a010 _bSHB |
| 100 | 1 |
_aShera, Jesse Hauk, _d1903-1982, _eed. |
|
| 245 | 1 | 0 |
_aBibliographic organization; _cedited by Jesse H. Shera and Margaret E. Egan. |
| 260 |
_aChicago, _bUniversity of Chicago Press _c[1951] |
||
| 300 |
_axii, 275 p. _billus. _c24 cm. |
||
| 490 | 1 | _aPapers presented before the fifteenth annual conference of the Graduate Library School, July 24-29, 1950 | |
| 490 | 1 | _aThe University of Chicago studies in library science | |
| 504 | _aIncludes bibliographies. | ||
| 650 | 0 |
_aBibliography _xMethodology. |
|
| 700 | 1 |
_aEgan, Margaret Elizabeth, _d1905- _ejoint ed. |
|
| 810 | 1 |
_aChicago. _bUniversity. _bGraduate Library School. _bLibrary Conference. _tPapers presented before the annual conference, _v1950. |
|
| 830 | 0 | _aUniversity of Chicago studies in library science. | |
| 906 |
_a7 _bcbc _corignew _du _eocip _f19 _gy-gencatlg |
||
| 942 |
_2ddc _cBK |
||
| 999 |
_c119316 _d119316 |
||